01010nam a2200253 i 4500001000300000100004200003245014200045260003700187300002500224490004900249500010400298650003400402700003000436700002600466830003800492020002900530020001500559040000800574041001300582044000800595080001400603008004100617856009800658bg1 aStevenson, Robert Louisd(1850-1894).10aDr Jekyll i pan Hyde i inne opowiadania /cRobert Louis Stevenson ; [tł. z oryg. Rafał Śmietana, Maurycy Kulak ; red. Anna Rudnicka]. a[s.l.] :bMediasat Group,c2005. a186 [3] s. ;c21 cm.1 aBiblioteka Gazety Wyborczej : XIX wiek ;v16 aWyd. we współpr. merytorycznej z Zakładem Narodowym im. Ossolińskich - Wydawnictwo, Wrocław. 9aOpowiadanie angielskiey19 w.1 aŚmietana, Rafał.eTł.1 aKulak, Maurycy.eRed. 0aBiblioteka Gazety Wyborczej ;v16 a8498191645 (całość) a8498191874 cBPK1 apolheng aPOL a821.111-3 s pl f |000 0 pol  uhttp://koha.tu.koszalin.pl/cgi-bin/koha/opac-detail.pl?biblionumber=55703yKatalog online BPK